00450pab a2200157 454500008004000000100002300040245008000063260000900143300001400152362001200166650003400178650002600212650000900238700001800247773002700265180718b2008 xxu||||| |||| 00| 0 eng d aHota, Laxmi Bilash aInvoluntary resettlement in dam projects of Orissa: risk and reconstruction c2008 ap.347-85. aJul-Sep aResettlement - India - Orissa aDams - India - Orissa aDams aSuar, Damodar aEastern Anthropologist